000 00549cam a2200205ua 4500
001 10103
008 160229n II |||gr||||Z||||||eng
040 _aMAIN
041 _aEnglish
082 _a330 KAL
100 _aKALITA , MAHAJAN .
245 _aMODEL QUESTIONS & ANSWERS : ARTHANAUTIK BHABDHARA BURANJI / FOR PAPER- VIII/ECO (M)
250 _a1ST.
260 _aJORHAT
_bUNIKA PRAKASHAN
_c2007-08
300 _a148:
_c20CM.
653 _aEconomics
700 _aKALITA , MAHAJAN .,
_eAuthor.
700 _aBEGUM , ALENA .
942 _cBK
999 _c10074
_d10074